Eastern Utah Libraries Catalog: Duchesne, Heber, Roosevelt, & Vernal

Hymn Creations / (Record no. 361955)

MARC details
000 -LEADER
fixed length control field 02484cjm a2200493Ii 4500
001 - CONTROL NUMBER
control field ocn839690239
003 - CONTROL NUMBER IDENTIFIER
control field OCoLC
005 - DATE AND TIME OF LATEST TRANSACTION
control field 20210521174725.0
007 - PHYSICAL DESCRIPTION FIXED FIELD--GENERAL INFORMATION
fixed length control field sd fsngnn|||ed
008 - FIXED-LENGTH DATA ELEMENTS--GENERAL INFORMATION
fixed length control field 130417t20112011xxuhynn n zxx d
040 ## - CATALOGING SOURCE
Original cataloging agency UBY
Language of cataloging eng
Description conventions rda
Transcribing agency UBY
Modifying agency OCLCQ
-- OCLCO
-- OCLCF
-- OCLCO
-- OCLCA
-- WACOL
024 1# - OTHER STANDARD IDENTIFIER
Standard number or code 885767893467
035 ## - SYSTEM CONTROL NUMBER
System control number (OCoLC)839690239
092 ## - LOCALLY ASSIGNED DEWEY CALL NUMBER (OCLC)
Classification number CD
Item number Hicks
049 ## - LOCAL HOLDINGS (OCLC)
Holding library WACL
245 00 - TITLE STATEMENT
Title Hymn Creations /
Statement of responsibility, etc Michael R. Hicks.
264 #1 - Production, Publication, Distribution, Manufacture, and Copyright Notice.
Place of production, publication, distribution, manufacture [Place of publication not identified] :
Name of producer, publisher, distributor, manufacturer Michael R. Hicks,
Date of production, publication, distribution, manufacture, or copyr [2011]
264 #4 - Production, Publication, Distribution, Manufacture, and Copyright Notice.
Date of production, publication, distribution, manufacture, or copyr �2011
300 ## - PHYSICAL DESCRIPTION
Extent 1 audio disc ;
Dimensions 4 3/4 in.
336 ## - Content Type
Content type term performed music
337 ## - Media type
Media type term audio
338 ## - Carrier type
Carrier type term audio disc
344 ## -
-- digital
-- stereo
-- rda
347 ## -
-- audio file
-- CD audio
-- rda
511 0# - PARTICIPANT OR PERFORMER NOTE
Participant or performer note Michael R. Hicks, piano, conductor ; Michael Dowdle, guitars ; Rob Honey, electric bass ; Todd Sorensen, drums/percussion ; Matt Larsen, upright bass ; Larry Lowe, french horn ; Justin Torres, english horn ; Roger Hicks, bassoon ; Russ Dixon, background vocals ; Debra Fotheringham, background vocals ; Natalie Hicks, background vocals.
508 ## - CREATION/PRODUCTION CREDITS NOTE
Creation/production credits note Produced by Michael R. Hicks.
500 ## - GENERAL NOTE
General note Arrangers notes and credits (7 pages) inserted in container.
505 0# - FORMATTED CONTENTS NOTE
Formatted contents note Come ye children of the Lord -- How gentle God's commands -- Come thou fount -- Jesus the very thought of thee -- Amazing grace -- Dearest children God is near you -- Green hill -- We thank thee -- Come follow me -- Rejoice the Lord is king -- I need thee every hour -- I know that my redeemer lives.
521 ## - TARGET AUDIENCE NOTE
Target audience note CD
Source Donation
650 #0 - SUBJECT ADDED ENTRY--TOPICAL TERM
Topical term or geographic name as entry element Hymns
Form subdivision Instrumental settings.
9 (RLIN) 5698456
650 #7 - SUBJECT ADDED ENTRY--TOPICAL TERM
Topical term or geographic name as entry element Hymns
General subdivision Instrumental settings.
Source of heading or term fast
-- (OCoLC)fst00965496
9 (RLIN) 6418683
700 1# - ADDED ENTRY--PERSONAL NAME
Personal name Hicks, Michael R.,
Dates associated with a name 1974-
Relator term arranger of music,
-- producer,
-- performer,
-- conductor.
9 (RLIN) 6418684
700 1# - ADDED ENTRY--PERSONAL NAME
Personal name Dowdle, Michael,
Relator term performer.
9 (RLIN) 5866880
700 1# - ADDED ENTRY--PERSONAL NAME
Personal name Honey, Rob,
Relator term performer.
9 (RLIN) 5846828
700 1# - ADDED ENTRY--PERSONAL NAME
Personal name Sorensen, Todd
Titles and other words associated with a name (Drummer),
Relator term performer.
9 (RLIN) 6418685
700 1# - ADDED ENTRY--PERSONAL NAME
Personal name Larsen, Matt
Titles and other words associated with a name (Bassist),
Relator term performer.
9 (RLIN) 6418686
700 1# - ADDED ENTRY--PERSONAL NAME
Personal name Lowe, Laurence,
Dates associated with a name 1956-
Relator term performer.
9 (RLIN) 6418687
700 1# - ADDED ENTRY--PERSONAL NAME
Personal name Torres, Justin
Titles and other words associated with a name (Horn player),
Relator term performer.
9 (RLIN) 6418688
700 1# - ADDED ENTRY--PERSONAL NAME
Personal name Hicks, Roger
Titles and other words associated with a name (Bassoonist),
Relator term performer.
9 (RLIN) 6418689
700 1# - ADDED ENTRY--PERSONAL NAME
Personal name Dixon, Russ,
Relator term vocalist.
9 (RLIN) 6418690
700 1# - ADDED ENTRY--PERSONAL NAME
Personal name Fotheringham, Debra,
Relator term vocalist.
9 (RLIN) 6418691
700 1# - ADDED ENTRY--PERSONAL NAME
Personal name Hicks, Natalie
Titles and other words associated with a name (Vocalist),
Relator term vocalist.
9 (RLIN) 6418692
994 ## -
-- C0
-- WACOL
Holdings
Withdrawn status Lost status Source of classification or shelving scheme Damaged status Not for loan Collection code Home library Current library Shelving location Date acquired Source of acquisition Total Checkouts Full call number Barcode Date last seen Date checked out Cost, replacement price Price effective from Koha item type
    Dewey Decimal Classification     Music Wasatch County Library Wasatch County Library Second Floor 05/26/2021 Donation 1 Music CD Hicks 34301001815242 07/30/2025 07/29/2025 16.95 05/26/2021 Music CD
This project was made possible through a grant from the Institute of Museum and Library Service administered by the Utah State Library Division.

Wasatch County Library

  • 465 East 1200 South, Heber City, Utah 84032
  • Phone 435-654-1511 | Fax 435-654-6456

Hours

  • Monday - Friday 9:30 AM - 8:00 PM
  • Saturday 9:30 AM - 1:30 PM
  • Closed Sundays and Holidays